Effect of kno3 doses in hydroping solution on non heading chines cabbage at royal university of agriculture's crop station ប្រសិទ្ធភាពនៃកំហាប់ប៉ូតាស្យូមនីត្រាតក្នុងសូលុយស្យុងអ៊ីដ្រូប៉ូនិកទៅលើដំណាំស្ពៃក្រញាញ់នៅសា្ថនីយ៏ពិសោធន៏ដំណាំ នៃសាកលវិទ្យាល័យភូមិន្ទកសិកម្ម (Record no. 823)

000 -LEADER
fixed length control field 00887nam a22001577a 4500
003 - CONTROL NUMBER IDENTIFIER
control field OSt
005 - DATE AND TIME OF LATEST TRANSACTION
control field 20150919110018.0
008 - FIXED-LENGTH DATA ELEMENTS--GENERAL INFORMATION
fixed length control field 150919b xxu||||| |||| 00| 0 eng d
040 ## - CATALOGING SOURCE
Transcribing agency RUA
082 ## - DEWEY DECIMAL CLASSIFICATION NUMBER
Classification number AGR SOU 2006 B034 Or.1
100 ## - MAIN ENTRY--PERSONAL NAME
9 (RLIN) 853
Personal name SOUM, SOCHEAT.
245 ## - TITLE STATEMENT
Title Effect of kno3 doses in hydroping solution on non heading chines cabbage at royal university of agriculture's crop station ប្រសិទ្ធភាពនៃកំហាប់ប៉ូតាស្យូមនីត្រាតក្នុងសូលុយស្យុងអ៊ីដ្រូប៉ូនិកទៅលើដំណាំស្ពៃក្រញាញ់នៅសា្ថនីយ៏ពិសោធន៏ដំណាំ នៃសាកលវិទ្យាល័យភូមិន្ទកសិកម្ម
260 ## - PUBLICATION, DISTRIBUTION, ETC. (IMPRINT)
Place of publication, distribution, etc. Phnom Penh
Name of publisher, distributor, etc. RUA
Date of publication, distribution, etc. 2006
300 ## - PHYSICAL DESCRIPTION
Extent 50p.
Other physical details ill.
Dimensions 29cm.
942 ## - ADDED ENTRY ELEMENTS (KOHA)
Source of classification or shelving scheme
Koha item type AGR
Holdings
Price effective from Date last seen Permanent Location Not for loan Date acquired Date last checked out Source of classification or shelving scheme Koha item type Total Checkouts Barcode Lost status Damaged status Withdrawn status Current Location Full call number
2015-09-192024-01-30Library Block B 2015-09-192024-01-17 AGR2RUA008084   Library Block BAGR SOU 2006 B034 Or.1
2015-09-192023-06-12Library Block B 2015-09-192023-05-26 AGR3RUA008958   Library Block BAGR SOU 2006 B034 Or.2
2015-09-212016-11-16Library Block B 2015-09-212016-10-05 AGR1rua002775   Library Block BAGR SOU 2006 B034 Or.3
2015-09-212019-03-02Library Block B 2015-09-212019-02-05 AGR2rua002710   Library Block BAGR SOU 2006 B034 Or.4
2018-12-242018-12-24Library Block B 2018-12-24  AGR A41404   Library Block BAGR SOU 2006 B1.194 Or.1
មជ្ឈមណ្ឌលឯការនៃសាកលវិទ្យាល័យភូមិន្ទកសិកម្មចំការដូង

Powered by Koha